00386nam a2200145Ia 450000500170000002000180001710000170003536500080005236500100006094200070007024500310007726000130010899900110012195201080013220260513122052.0 a9783031649073 aPapadopoulos c€ b28.00 cBK aLinear Algebra for Physics bSpringer c66d66 00104070aUNSWbUNSWd2026-05-08g74.99i16697l0p000156r2026-05-13 12:20:52v74.99w2026-05-13yBK